| 000 | 00910pam a2200265 a 4500 | ||
|---|---|---|---|
| 999 |
_c1058 _d1058 |
||
| 001 | 3015382 | ||
| 003 | OSt | ||
| 005 | 20210623092542.0 | ||
| 008 | 940706s1995 maua b 001 0 eng | ||
| 010 | _a 94028857 | ||
| 020 | _a0205155421 (acidfree paper) | ||
| 040 |
_aDLC _cALUPE UNIVERSITY _dALUPE UNIVERSITY |
||
| 050 | 0 | 0 |
_aLB1051 _b.W74 1995 |
| 082 | 0 | 0 |
_a370.15 _220 |
| 100 | 1 |
_aHoy, Anita Woolfolk, _d1947- |
|
| 245 | 1 | 0 |
_aEducational psychology / _cAnita E. Woolfolk. |
| 250 | _a6th ed. | ||
| 260 |
_aBoston : _bAllyn and Bacon, _cc1995. |
||
| 300 |
_axxiii, 647 p. : _bill. (some col.) ; _c26 cm. |
||
| 504 | _aIncludes bibliographical references (p. 595-623) and indexes. | ||
| 650 | 0 | _aEducational psychology. | |
| 906 |
_a7 _bcbc _corignew _d1 _eocip _f19 _gy-gencatlg |
||
| 942 |
_2lcc _cBK _nDO |
||